000 00880nam a2200253Ia 4500
003 OSt
005 20220923211249.0
006 a|||||r|||| 00| 0
007 ta
008 Pun
020 _a9788178562384 (hbk)
_c150
024 _a242,756
037 _b180, 24/10/2009, H.K. Prakashan
_cTextual
040 _aARTS
_cARTS
_bPun
041 _2Pun
_aPun
082 _aDelta73wJWA, 153P9
100 _aਪੂਨਮ ਕੁਮਾਰੀ
_9156291
245 0 _aਸੂਖ਼ੀ ਸੰਤ ਬਾਬਾ ਵਜੀਦ
_b ਜੀਵਨ ਤੇ ਰਚਨਾ
260 _aਅੰਮ੍ਰਿਤਸਰ
_b ਵਾਹਿਸ Fਾਹ ਖ਼ਾਉ਼ਡੇFਨ
_c2009
300 _a100ਪੰ
_ccm.
650 _aਅਧਿਆਤਮਵਾਦ
942 _hDelta73wJWA, 153P9
_cTEXL
_2CC
999 _c297882
_d297882